Programa nacional de manejo y conservación de manatíes en Colombia / (Registro nro. 4618)
[ vista simple ]
| 000 -CABECERA | |
|---|---|
| Campo de control | 01011cam a2200229 a 4500 |
| 005 - FECHA Y HORA DE LA ULTIMA TRANSACCION | |
| Campo de control | 20180803165213.0 |
| 008 - ELEMENTOS DE LONGITUD FIJA—INFORMACION GENERAL | |
| Campo de control | 140317s2005 ck abdogr||||o000 0 spa d |
| 020 ## - ISBN | |
| ISBN | 958975483X |
| 040 ## - FUENTE DE CATALOGACIÓN | |
| Agencia catalogadora original | CO-BoIAVH |
| Agencia transcriptora | CO-BoIAVH |
| 041 0# - IDIOMA | |
| Código de idioma para texto/pista de sonido o título separado | Español |
| 044 ## - PAÍS DE PUBLICACIÓN | |
| País de publicación | Colombia |
| 082 04 - NUMERO DE CLASIFICACION DECIMAL DEWEY | |
| Número de clasificación | 599.55 |
| Número del ítem | C13p |
| 110 2# - ASIENTO PRINCIPAL--NOMBRE CORPORATIVO | |
| Nombre corporativo o de jurisdicción como elemento de entrada | Colombia |
| Unidad subordinad | Ministerio de Ambiente, Vivienda y Desarrollo Territorial |
| 9 (RLIN) | 92336 |
| 245 10 - MENCION DE TITULO | |
| Título | Programa nacional de manejo y conservación de manatíes en Colombia / |
| Mención de responsabilidad | Ministerio de Ambiente, Vivienda y Desarrollo Territorial , Fundación omacha |
| 260 3# - PUBLICACION, DISTRIBUCION, ETC. (PIE DE IMPRENTA) | |
| Lugar de publicación, distribución, etc. | Bogotá : |
| -- | Vivienda y Desarrollo Territorial : |
| -- | Fundación omacha : |
| Nombre del editor, distribuidor, etc. | Ministerio de Ambiente, |
| Fecha de publicación, distribución, etc. | 2005. |
| 300 ## - DESCRIPCION FISICA | |
| Extensión | 176 páginas : |
| Otros detalles físicos | Ilustraciones, fotografías, mapas, tablas; |
| Dimensiones | 28 x 21 cm. |
| 504 ## - NOTA DE BIBLIOGRAFIA, ETC. | |
| Nota de bibliografía | Incluye bibliografía al final de cada capitulo |
| 650 #4 - ASIENTO SECUNDARIO DE MATERIA - TERMINO TEMATICO | |
| Término temático o nombre geográfico como elemento de entrada | Manatí |
| Subdivisión de forma | Programa |
| Subdivisión general | Conservación |
| Subdivisión geográfica | Colombia |
| 9 (RLIN) | 50558 |
| 650 #4 - ASIENTO SECUNDARIO DE MATERIA - TERMINO TEMATICO | |
| Término temático o nombre geográfico como elemento de entrada | Manatí |
| Subdivisión de forma | Programa |
| Subdivisión general | Protección |
| Subdivisión geográfica | Colombia |
| 9 (RLIN) | 50559 |
| 650 #4 - ASIENTO SECUNDARIO DE MATERIA - TERMINO TEMATICO | |
| Término temático o nombre geográfico como elemento de entrada | Manatí |
| Subdivisión de forma | Programa |
| Subdivisión general | Manejo |
| Subdivisión geográfica | Colombia |
| 9 (RLIN) | 50560 |
| 942 ## - ELEMENTOS ADICIONALES (KOHA) | |
| Tipo de ítem | Libro |
| Sistema de clasificación | Dewey Decimal Classification |
| Withdrawn status | Lost status | Sistema de Clasificación | Damaged status | No para préstamo | Colección | Inventariado | Ubicación Permanente | Ubicación actual | Fecha de adquisición | Fuente de Valor | Valor | Total Checkouts | Número topográfico | Inventario / Código de Barras | Date last seen | Ejemplar | Price effective from | Forma de adquisición | Tipo de material | Public note |
|---|---|---|---|---|---|---|---|---|---|---|---|---|---|---|---|---|---|---|---|---|
| Dewey Decimal Classification | General | Inventariado 2017 | Bogotá | Bogotá | 25/09/2013 | Instituto | 20000.00 | LB-599.55 C13p | 029435 | 25/09/2013 | Ej. 1 | 25/09/2013 | Libro | Contiene 4 mapas. CID-042217 CID-042216 CID-042218 CID-042219 | ||||||
| Dewey Decimal Classification | General | Inventariado 2017 | Sala Fabio Quevedo | Sala Fabio Quevedo | 18/11/2005 | Instituto | 20000.00 | LB-599.55 C13p | 038765 | 04/12/2012 | Ej.2 | 04/12/2012 | Libro | Contiene 4 mapas. CID-038769 CID-038768 CID-038766 CID-038767 |